000 00332nam a22001337a 4500
008 180226b xxu||||| |||| 00| 0 eng d
020 _a093598979
041 _aeng
080 _a37
100 _a25
101 _aEDU
245 _aDEVELOPMENT APPROPRIATE PRACTICE IN EARLY CHILDHOOD PROGRAMS
_cSUE.B
942 _2udc
_cBK
999 _c43521
_d43521